Views and experiences of tenants in the private rented sector in Scotland (Record no. 109407)

MARC details
000 -LEADER
fixed length control field 01354cad a22002535a 4500
001 - CONTROL NUMBER
control field E147022
008 - FIXED-LENGTH DATA ELEMENTS--GENERAL INFORMATION
fixed length control field 090324s2009 xxk f s000 0 eng d
020 ## - INTERNATIONAL STANDARD BOOK NUMBER
International Standard Book Number 9780755974573
035 ## - SYSTEM CONTROL NUMBER
System control number (Sirsi) u147022
041 0# - LANGUAGE CODE
Language code of text/sound track or separate title eng
050 04 - LIBRARY OF CONGRESS CALL NUMBER
Classification number 346.4104342 $2 18
100 1# - MAIN ENTRY--PERSONAL NAME
Personal name Strachan, Valerie
245 00 - TITLE STATEMENT
Title Views and experiences of tenants in the private rented sector in Scotland
Medium [electronic resource]
260 ## - PUBLICATION, DISTRIBUTION, ETC.
Place of publication, distribution, etc. Edinburgh
Name of publisher, distributor, etc. Scottish Government Social Research
Date of publication, distribution, etc. 2009
490 #0 - SERIES STATEMENT
Series statement Housing, Regeneration and Planning Research Findings
Volume/sequential designation (29) 2009
520 ## - SUMMARY, ETC.
Summary, etc. Presents a summary of the results of research into tenants' views of the private rented sector. Includes information on characteristics of tenants, their reasons for choosing the private rented sector, affordability issues, awareness of rights and responsibilities, satisfaction with the landlord and property, and tenants' hopes for the future. The report is part of a suite of research commissioned by the Scottish Government into the private rented sector.
521 ## - TARGET AUDIENCE NOTE
Target audience note Advanced
590 ## - LOCAL NOTE (RLIN)
Local note KA
651 #4 - SUBJECT ADDED ENTRY--GEOGRAPHIC NAME
Geographic name Scotland
Chronological subdivision 1999-
690 ## - LOCAL SUBJECT ADDED ENTRY--TOPICAL TERM (OCLC, RLIN)
Topical term or geographic name as entry element PROPERTY-RESIDENTIAL PROPERTY-RESIDENTIAL LANDLORD AND TENANT
700 1# - ADDED ENTRY--PERSONAL NAME
Personal name Donohoe, Tony
856 40 - ELECTRONIC LOCATION AND ACCESS
Uniform Resource Identifier <a href="https://www.scotland.gov.uk/Publications/2009/03/23153325/0">https://www.scotland.gov.uk/Publications/2009/03/23153325/0</a>
Public note View the report free of charge at www.scotland.gov.uk...
942 ## - ADDED ENTRY ELEMENTS (KOHA)
Suppress in OPAC 0
Holdings
Withdrawn status Lost status Source of classification or shelving scheme Damaged status Not for loan Home library Current library Shelving location Date acquired Total Checkouts Full call number Barcode Date last seen Copy number Price effective from Koha item type
    Dewey Decimal Classification     Virtual Virtual Online 24/03/2009   ONLINE PUBLICATION 147022-2001 06/08/2019 1 06/08/2019 Book